[Event "Leipzig VfB op 24th"]
[Site "Leipzig"]
[Date "2017.03.25"]
[Round "7"]
[White "Kauder, Wilfried"]
[Black "Fleischer, Andreas"]
[Result "0-1"]
[WhiteElo "1209"]
[BlackElo "1638"]
[PlyCount "42"]
[EventDate "2017.03.21"]
[EventType "swiss"]
[EventRounds "9"]
[EventCountry "GER"]
[SourceTitle "EXT 2018"]
[Source "ChessBase"]
[SourceDate "2017.10.13"]
[SourceVersion "1"]
[SourceVersionDate "2017.10.13"]
[SourceQuality "1"]

1. e4 e5 2. Nf3 Nc6 3. Bc4 h6 4. c3 Nf6 5. d4 d6 6. dxe5 dxe5 7. Qxd8+ Nxd8 8. 0-0 Bd6 9. h3 Nxe4 10. b4 Be6 11. Bxe6 Nxe6 12. Nh4 0-0-0 13. f3 Ng3 14. Rf2 a5 15. a3 Nf4 16. Bxf4 exf4 17. Nd2 g5 18. Nc4 gxh4 19. Nxa5 Rhe8 20. Raa2 Re1+ 21. Kh2 Rh1# 0-1

[Event "Leipzig VfB op 24th"]
[Site "Leipzig"]
[Date "2017.03.25"]
[Round "9"]
[White "Mueller, Silvio"]
[Black "Kauder, Wilfried"]
[Result "1/2-1/2"]
[WhiteElo "1001"]
[BlackElo "1209"]
[PlyCount "21"]
[EventDate "2017.03.21"]
[EventType "swiss"]
[EventRounds "9"]
[EventCountry "GER"]
[SourceTitle "EXT 2018"]
[Source "ChessBase"]
[SourceDate "2017.10.13"]
[SourceVersion "1"]
[SourceVersionDate "2017.10.13"]
[SourceQuality "1"]

1. d4 Nf6 2. Nc3 e6 3. a3 d5 4. Qd3 Bd6 5. e4 dxe4 6. Nxe4 Nxe4 7. Qxe4 0-0 8. Bd3 g6 9. Nf3 f5 10. Qh4 Qxh4 11. Nxh4 1/2-1/2